Deportes y juegos en grupos
Salvato in:
| Autori principali: | , |
|---|---|
| Natura: | Libro |
| Lingua: | spagnolo |
| Pubblicazione: |
Buenos Aires
Kapelusz
1975
|
| Edizione: | 2a. ed |
| Serie: | Colección de Educación Física, 9
|
| Soggetti: | |
| Tags: |
Aggiungi Tag
Nessun Tag, puoi essere il primo ad aggiungerne!!
|
MARC
| LEADER | 00000nam a2200000 a 4500 | ||
|---|---|---|---|
| 001 | UCZ0123 | ||
| 003 | CL-VaPUC | ||
| 008 | 950724e19750000AG |||||||||||||||||spa|d | ||
| 082 | 0 | 4 | |a 796 |b FLO |2 21 |
| 100 | 0 | |a Flosdorf, Peter |e author |9 342739 | |
| 700 | 0 | |a Rieder, Hermann |e author |9 342740 | |
| 245 | 1 | 0 | |a Deportes y juegos en grupos |
| 250 | |a 2a. ed | ||
| 300 | |a 207 p | ||
| 942 | |c BK | ||
| 945 | |d 19950724 00:00:00 |a lriquelm | ||
| 260 | |a Buenos Aires |b Kapelusz |c 1975 | ||
| 650 | 7 | |a DEPORTE |2 CL-VaPUC |9 342741 | |
| 650 | 0 | |a Juegos educativos |9 307366 | |
| 650 | 7 | |a EJERCICIO |2 CL-VaPUC |9 310040 | |
| 650 | 0 | |a Gimnasio |9 341520 | |
| 650 | 0 | |a Piscinas |9 341521 | |
| 650 | 0 | |a Natación |9 307454 | |
| 650 | 0 | |a Terapia |9 334442 | |
| 650 | 0 | |a Enseñanza |9 256457 | |
| 650 | 7 | |a CAMPO DE JUEGO |2 CL-VaPUC |9 342742 | |
| 650 | 7 | |a EXCURSIONES AL AIRE LIBRE |2 CL-VaPUC |9 340682 | |
| 650 | 7 | |a CAMPAMENTO |2 CL-VaPUC |9 331097 | |
| 583 | |a last modification |c 19950724 00:00:00 |k Rodrigo Vera | ||
| 490 | 0 | |a Colección de Educación Física, 9 | |
| 999 | |c 237090 |d 237088 | ||
| 952 | |0 0 |1 0 |4 0 |6 796_000000000000000_FLO_1975 |7 0 |8 P |9 245862 |a BIBEDU |b BIBEDU |c BIBEDU_PB |d 2019-11-18 |i 1541811 |o 796 FLO 1975 |p 1541811 |r 2024-01-25 |w 2019-11-18 |y BK |k EDU | ||